ELECTIONEERING: A COMPARATIVE STUDY OF CONTINUITY (Record no. 32079)
[ view plain ]
| 000 -LEADER | |
|---|---|
| fixed length control field | 00285nam a22001217a 4500 |
| 003 - CONTROL NUMBER IDENTIFIER | |
| control field | SGT |
| 082 ## - DEWEY DECIMAL CLASSIFICATION NUMBER | |
| Classification number | 200 |
| Item number | E92BCL |
| 100 ## - MAIN ENTRY--PERSONAL NAME | |
| Personal name | BUTLER, DAVID |
| 245 ## - TITLE STATEMENT | |
| Title | ELECTIONEERING: A COMPARATIVE STUDY OF CONTINUITY |
| 260 ## - PUBLICATION, DISTRIBUTION, ETC. (IMPRINT) | |
| Name of publisher, distributor, etc | CLARENDON PRESS OXFORD |
| Year of Publication | 1992 |
| 300 ## - PAGE DESCRIPTION | |
| No. of Pages | 294 |
| 942 ## - ADDED ENTRY ELEMENTS (KOHA) | |
| Source of classification or shelving scheme | Dewey Decimal Classification |
| Koha item type | Books |
| Withdrawn status | Lost status | Source of classification or shelving scheme | Damaged status | Not for loan | Home library | Current library | Shelving location | Date acquired | SGTU | Total Checkouts | Full call number | Accession No. (Barcode) | Date last seen | Bill Date | Koha item type |
|---|---|---|---|---|---|---|---|---|---|---|---|---|---|---|---|
| Dewey Decimal Classification | Not For Loan | SGT Chancellor's Library | SGT Chancellor's Library | Reference Book | 09/07/2025 | SGTU | 200 E92BCL | CH3822 | 09/07/2025 | 09/07/2025 | Books |